|
|
|
|
| LEADER |
00000nam a2200000 a 4500 |
| 001 |
UCO2515 |
| 003 |
CL-VaPUC |
| 005 |
20220113074109.0 |
| 008 |
000608e19390000CL |||||||||||||||||spa|d |
| 999 |
|
|
|c 289021
|d 289019
|
| 040 |
|
|
|c Pontificia Universidad Católica de Valparaíso
|
| 082 |
0 |
4 |
|a 983.0099 VER 1939
|2 21
|
| 100 |
0 |
|
|a Vergara Montero, Ramón
|e author
|9 445790
|
| 245 |
1 |
0 |
|a Perspectiva trágica
|
| 260 |
|
|
|a Santiago, Chile
|b Condor
|c 1939
|
| 300 |
|
|
|a 79 páginas
|
| 583 |
|
|
|a last modification
|c 20000608 00:00:00
|k Rodrigo Vera
|
| 600 |
|
0 |
|a Alessandri Palma, Arturo
|9 268143
|
| 650 |
|
0 |
|a Historia de Chile
|9 265473
|
| 650 |
|
0 |
|a Correspondencia
|z CHILE
|9 258963
|
| 852 |
|
|
|a BIBCUR
|
| 942 |
|
|
|c BK
|2 ddc
|
| 945 |
|
|
|d 20000608 00:00:00
|a crobeson
|
| 952 |
|
|
|0 0
|1 0
|2 ddc
|4 0
|6 983_009900000000000_VER_1939
|7 0
|8 X
|9 337123
|a BIBHIS
|b BIBHIS
|d 2019-11-20
|i 1292099
|o 983.0099 VER 1939
|p 1292099
|r 2024-01-30
|t 1
|w 2019-11-20
|y BK_X
|k HIS
|